000 01223cam a2200313 a 4500
001 2382
005 20260407081648.0
020 _a9780439668187 (reinforced) :
_c$16.99
020 _a0439668182 (reinforced) :
_c$16.99
020 _a9780545235099
040 _aDLC
_cDLC
_dIG#
_dBTCTA
_dBAKER
_dYDXCP
_dJP3
_dJAO
_dVP@
_dEHH
_dTEF
_dOCLCQ
_dCQU
_dNTE
_dDLC
_beng
050 0 0 _aPZ7.P52112
_bMo 2009
082 _a813
100 1 _aPhilbrick, W. Rodman
245 1 4 _aThe mostly true adventures of Homer P. Figg /
_cRodman Philbrick
250 _aThis edition first printing, September 2010
260 _aNew York :
_bScholastic,
_c2009
300 _a224 pages :
_c20 cm
520 _aTwelve-year-old Homer, a poor but clever orphan, has extraordinary adventures after running away from his evil uncle to rescue his brother, who has been sold into service in the Civil War.
650 0 _aAdventure stories.
650 0 _aOrphans
_vJuvenile fiction.
650 0 _aBrothers
_vJuvenile fiction.
650 1 _aAdventure and adventurers
_vFiction.
650 1 _aOrphans
_vFiction.
650 1 _aBrothers
_vFiction.
655 7 _aAdventure fiction.
_2gsafd
906 _a7
_bcbc
_corignew
_d1
_eecip
_f20
_gy-gencatlg
942 _2ddc
_cBK
_n0
999 _c2382
_d2382